[Event "Alzira Christmas 5th"]
[Site "Alzira"]
[Date "2015.12.30"]
[Round "7.6"]
[White "Moreno Simo, Javier"]
[Black "Grueso Cordoba, Santiago"]
[Result "1-0"]
[WhiteElo "1996"]
[BlackElo "1874"]
[PlyCount "85"]
[EventDate "2015.12.28"]
[EventType "swiss"]
[EventRounds "7"]
[EventCountry "ESP"]
[SourceTitle "EXT 2024"]
[Source "ChessBase"]
[SourceDate "2023.10.10"]
[SourceVersion "1"]
[SourceVersionDate "2023.10.10"]
[SourceQuality "1"]

1. d4 Nf6 2. Bg5 d5 3. Bxf6 exf6 4. e3 Bd6 5. c4 dxc4 6. Bxc4 0-0 7. Nf3 Nd7 8. 0-0 Nb6 9. Bd3 f5 10. Nc3 c6 11. Qc2 g6 12. Rac1 Be6 13. Rfd1 Rc8 14. Qe2 Re8 15. Qf1 Bd5 16. Nxd5 Nxd5 17. a3 a5 18. Bc4 Qb6 19. Rc2 Rc7 20. g3 Rce7 21. Bxd5 cxd5 22. Qd3 h5 23. Kg2 Re4 24. a4 R4e7 25. Nd2 h4 26. Nb1 hxg3 27. hxg3 Bb4 28. Nc3 Qd8 29. Nb5 Kg7 30. Rh1 Rh8 31. Rxh8 Qxh8 32. Qb3 Rd7 33. Nc7 Qd8 34. Nb5 g5 35. Rc1 f4 36. exf4 gxf4 37. gxf4 Bd2 38. Qg3+ Kf8 39. Rh1 Qf6 40. Rh4 Re7 41. Rg4 Re4 42. f5 Qxf5 43. Rg8+ 1-0

[Event "Alzira op 4th"]
[Site "Alzira"]
[Date "2014.12.28"]
[Round "4"]
[White "Moreno Simo, Javier"]
[Black "Sendra Tormo, Juan"]
[Result "1/2-1/2"]
[WhiteElo "1976"]
[BlackElo "1838"]
[PlyCount "94"]
[EventDate "2014.12.27"]
[EventType "swiss"]
[EventRounds "7"]
[EventCountry "ESP"]
[SourceTitle "CBM 164 Extra"]
[Source "ChessBase"]
[SourceDate "2015.03.02"]
[SourceVersion "1"]
[SourceVersionDate "2015.03.02"]
[SourceQuality "1"]

1. d4 Nf6 2. Bg5 e6 3. e4 d5 4. e5 h6 5. Be3 Nfd7 6. f4 c5 7. Nf3 Nc6 8. c3 Qb6 9. b3 cxd4 10. cxd4 Bb4+ 11. Kf2 f6 12. a3 Be7 13. b4 g5 14. g3 gxf4 15. gxf4 Rg8 16. Be2 Kf7 17. f5 Nf8 18. Nc3 a6 19. Rc1 Qd8 20. Qd2 Bd7 21. Rhg1 Nh7 22. Nxd5 exd5 23. e6+ Bxe6 24. fxe6+ Kxe6 25. Bxh6 Kd7 26. Bd3 Ng5 27. Bf5+ Kc7 28. h4 Nxf3 29. Kxf3 Kb6 30. Bf4 Rh8 31. Rg4 Bd6 32. Re1 Ne7 33. Bxd6 Qxd6 34. Re6 Nxf5 35. Rxd6+ Nxd6 36. Qf4 Ne4 37. Rg7 Rac8 38. Kg4 Rc2 39. Rf7 Rg2+ 40. Kh3 Rhg8 41. Rxf6+ Nxf6 42. Qxf6+ Ka7 43. Qd6 Rg1 44. Qxd5 R8g3+ 45. Kh2 Rg4 46. Kh3 R4g3+ 47. Kh2 Rg4 1/2-1/2

[Event "Provincial-ch Elche"]
[Site "Elche"]
[Date "2013.11.16"]
[Round "6.7"]
[White "Moreno Simo, Javier"]
[Black "Mataix Arbona, Cesar"]
[Result "0-1"]
[WhiteElo "2018"]
[BlackElo "2082"]
[PlyCount "76"]
[EventDate "2013.10.05"]
[EventType "swiss"]
[EventRounds "7"]
[EventCountry "ESP"]
[SourceTitle "EXT 2024"]
[Source "ChessBase"]
[SourceDate "2023.10.10"]
[SourceVersion "1"]
[SourceVersionDate "2023.10.10"]
[SourceQuality "1"]

1. d4 d5 2. c4 c6 3. Nf3 Nf6 4. Nc3 e6 5. g3 Nbd7 6. Bg2 dxc4 7. e4 Be7 8. 0-0 0-0 9. Qe2 b5 10. Rd1 Bb7 11. e5 Nd5 12. Ne4 h6 13. a4 a6 14. Bd2 Qc7 15. Rdc1 Rfc8 16. h4 c5 17. Nxc5 Nxc5 18. dxc5 Bxc5 19. Nh2 Ne7 20. Bxb7 Qxb7 21. Qg4 Nf5 22. Rd1 Rd8 23. axb5 axb5 24. Rxa8 Qxa8 25. Bf4 Bd4 26. Qe2 Qa4 27. Rd2 Qb3 28. Nf3 Bb6 29. Rxd8+ Bxd8 30. Qe4 Qxb2 31. Qa8 Qb1+ 32. Kg2 Qd3 33. g4 Ne7 34. Qb8 Qd5 35. Bd2 Nc6 36. Qb7 Be7 37. g5 hxg5 38. hxg5 g6 0-1

[Event "Provincial-ch Elche"]
[Site "Elche"]
[Date "2013.11.02"]
[Round "4.3"]
[White "Moreno Simo, Javier"]
[Black "Sanchez Dengra, Barbara"]
[Result "0-1"]
[WhiteElo "2018"]
[BlackElo "1905"]
[PlyCount "146"]
[EventDate "2013.10.05"]
[EventType "swiss"]
[EventRounds "7"]
[EventCountry "ESP"]
[SourceTitle "EXT 2024"]
[Source "ChessBase"]
[SourceDate "2023.10.10"]
[SourceVersion "1"]
[SourceVersionDate "2023.10.10"]
[SourceQuality "1"]

1. d4 d5 2. c4 c6 3. Nf3 Nf6 4. Nc3 dxc4 5. g3 Bf5 6. Bg2 e6 7. 0-0 Be7 8. Ne5 Nbd7 9. Nxc4 Nb6 10. Ne5 Nbd5 11. Re1 0-0 12. e4 Nxc3 13. bxc3 Bg6 14. Rb1 Qc8 15. Qb3 b6 16. Nxg6 hxg6 17. Bg5 Re8 18. Rbd1 Nd7 19. Be3 Qc7 20. f4 Rad8 21. a4 Nf6 22. c4 Ng4 23. Bc1 a5 24. h3 Nf6 25. e5 Nh7 26. h4 Bb4 27. Rf1 Rd7 28. Qf3 Rc8 29. Be3 Qd8 30. Rd3 b5 31. cxb5 cxb5 32. axb5 Rd5 33. Qg4 Rxb5 34. d5 exd5 35. e6 Nf6 36. exf7+ Kxf7 37. Qd1 Bc5 38. Bxc5 Rbxc5 39. g4 Rc2 40. Bxd5+ Nxd5 41. Rxd5 Qxh4 42. Rd7+ Kg8 43. Rd2 Qg3+ 44. Kh1 Qh3+ 45. Kg1 Rxd2 46. Qxd2 Qxg4+ 47. Kf2 Qh4+ 48. Kg2 Qg4+ 49. Kf2 Qf5 50. Rc1 Rxc1 51. Qxc1 g5 52. Kg2 gxf4 53. Qc4+ Kh7 54. Kf3 g5 55. Qc7+ Kg6 56. Qc6+ Kf7 57. Qc7+ Kf6 58. Qd8+ Ke6 59. Qc8+ Ke5 60. Qc5+ Kf6 61. Qf8+ Kg6 62. Qg8+ Kh6 63. Qh8+ Qh7 64. Qf8+ Qg7 65. Qd6+ Kh5 66. Qd1 Qb7+ 67. Kf2+ g4 68. Qd8 g3+ 69. Kg1 Qb1+ 70. Kg2 Qc2+ 71. Kf3 Qf2+ 72. Ke4 Qe2+ 73. Kxf4 Qg4+ 0-1

[Event "Provincial-ch Alicante"]
[Site "Valencia Elche"]
[Date "2011.10.29"]
[Round "3.1"]
[White "Sanchez Jerez, Emilio Miguel"]
[Black "Moreno Simo, Javier"]
[Result "1-0"]
[WhiteElo "2275"]
[BlackElo "2034"]
[PlyCount "113"]
[EventDate "2011.10.01"]
[EventType "swiss"]
[EventRounds "7"]
[EventCountry "ESP"]
[SourceTitle "EXT 2024"]
[Source "ChessBase"]
[SourceDate "2023.10.10"]
[SourceVersion "1"]
[SourceVersionDate "2023.10.10"]
[SourceQuality "1"]

1. d4 f5 2. Bg5 g6 3. Nd2 Bg7 4. e4 fxe4 5. Nxe4 d5 6. Ng3 Nh6 7. Nh5 Kf8 8. Nxg7 Kxg7 9. Bxh6+ Kxh6 10. h4 Rf8 11. Qd2+ Kg7 12. h5 Bf5 13. g4 Bxg4 14. hxg6 h5 15. Bd3 Qd6 16. Ne2 Nd7 17. 0-0-0 Rxf2 18. Rdg1 Bxe2 19. Bxe2 Qf4 20. Qxf4 Rxf4 21. Rxh5 Nf6 22. Re5 Re4 23. Rgg5 Rxe5 24. Rxe5 Re8 25. Bd3 e6 26. Kd2 Nd7 27. Rh5 Rh8 28. Rxh8 Kxh8 29. Ke3 Kg7 30. Kf4 Kf6 31. Kg4 Nf8 32. Kh5 Kg7 33. Kg5 Nd7 34. a4 a6 35. a5 c5 36. dxc5 Nxc5 37. Be2 Ne4+ 38. Kf4 Kf6 39. Bf3 Nd2 40. Be2 Ne4 41. c4 Nc5 42. b4 Nd7 43. cxd5 exd5 44. Bf3 Ne5 45. g7 Ng6+ 46. Ke3 Kxg7 47. Bxd5 Ne5 48. Kd4 Kf6 49. Bxb7 Ke6 50. Bxa6 Kd6 51. Bb7 Nd7 52. Bg2 Kc7 53. b5 Nb8 54. Bh3 Kb7 55. Kc5 Ka7 56. Bc8 Ka8 57. Kb6 1-0

[Event "Provincial-ch Alicante"]
[Site "Valencia Elche"]
[Date "2011.10.22"]
[Round "2.3"]
[White "Moreno Simo, Javier"]
[Black "Bendayan Claros, Aaron Arturo"]
[Result "1-0"]
[WhiteElo "2034"]
[BlackElo "2175"]
[PlyCount "99"]
[EventDate "2011.10.01"]
[EventType "swiss"]
[EventRounds "7"]
[EventCountry "ESP"]
[SourceTitle "EXT 2024"]
[Source "ChessBase"]
[SourceDate "2023.10.10"]
[SourceVersion "1"]
[SourceVersionDate "2023.10.10"]
[SourceQuality "1"]

1. d4 b5 2. e4 Bb7 3. Bd3 e6 4. Nf3 a6 5. 0-0 c5 6. dxc5 Bxc5 7. a4 b4 8. Nbd2 Nc6 9. Qe2 Qc7 10. Nc4 d6 11. Be3 Bxe3 12. Qxe3 Nge7 13. Rad1 0-0 14. Qg5 Ng6 15. h4 Nce5 16. Nfxe5 Nxe5 17. Nxe5 dxe5 18. Rfe1 Rad8 19. h5 h6 20. Qh4 Rd4 21. f3 Rfd8 22. b3 f5 23. Qh3 Qb6 24. Kh2 fxe4 25. fxe4 Bxe4 26. Qg3 Bxd3 27. Rxd3 e4 28. Rxd4 Qxd4 29. Qe3 Qxe3 30. Rxe3 Rd4 31. Kg3 e5 32. Kg4 Rd2 33. Rxe4 Rxg2+ 34. Kf5 Kf7 35. Kxe5 a5 36. Rf4+ Ke7 37. Rf5 Rd2 38. Ke4 Rxc2 39. Rxa5 Rc3 40. Kf5 Rxb3 41. Ra7+ Kf8 42. Kg6 Rg3+ 43. Kh7 Rg5 44. Ra8+ Ke7 45. a5 b3 46. a6 Rb5 47. Ra7+ Kf6 48. Rb7 Ra5 49. Rxg7 Rxa6 50. Rg6+ 1-0

[Event "Valencia Autonomico"]
[Site "Cheste"]
[Date "2010.10.12"]
[Round "7"]
[White "Fuset Torralba, Jose Luis"]
[Black "Moreno Simo, Javier"]
[Result "1/2-1/2"]
[WhiteElo "1839"]
[BlackElo "2079"]
[PlyCount "72"]
[EventDate "2010.10.07"]
[EventType "swiss"]
[EventRounds "7"]
[EventCountry "ESP"]
[SourceTitle "EXT 2024"]
[Source "ChessBase"]
[SourceDate "2023.10.10"]
[SourceVersion "1"]
[SourceVersionDate "2023.10.10"]
[SourceQuality "1"]

1. c4 f5 2. Nf3 Nf6 3. g3 d6 4. d4 g6 5. Bg2 Bg7 6. 0-0 0-0 7. Nc3 c6 8. Qb3 Kh8 9. Rd1 Qc7 10. d5 cxd5 11. cxd5 Na6 12. Nb5 Qb6 13. Be3 Nc5 14. Bxc5 Qxc5 15. Rac1 Qb6 16. Qd3 Bd7 17. Nc3 Ng4 18. e3 Ne5 19. Nxe5 Bxe5 20. Qd2 Rac8 21. Rc2 Rc7 22. Rdc1 Rfc8 23. Nd1 Rxc2 24. Rxc2 Rxc2 25. Qxc2 Qc5 26. Qxc5 dxc5 27. d6 b5 28. dxe7 Bd6 29. Kf1 c4 30. Ke2 Kg7 31. Bd5 Kf6 32. a4 a6 33. Bb7 b4 34. Bxa6 Bxa4 35. Bxc4 Bxd1+ 36. Kxd1 Bxe7 1/2-1/2

[Event "La Roda op 37th"]
[Site "La Roda"]
[Date "2010.03.31"]
[Round "1"]
[White "Plaskett, H James"]
[Black "Moreno Simo, Javier"]
[Result "1-0"]
[WhiteElo "2494"]
[BlackElo "2015"]
[PlyCount "103"]
[EventDate "2010.03.31"]
[EventType "swiss"]
[EventRounds "9"]
[EventCountry "ESP"]
[SourceTitle "CBM 135 Extra"]
[Source "ChessBase"]
[SourceDate "2010.05.04"]
[SourceVersion "1"]
[SourceVersionDate "2010.05.04"]
[SourceQuality "1"]

1. e4 e5 2. Nf3 Nc6 3. Bb5 Bc5 4. c3 Nf6 5. d4 exd4 6. cxd4 Bb4+ 7. Kf1 0-0 8. d5 Nb8 9. e5 Ne8 10. a3 Be7 11. Nc3 d6 12. Bf4 dxe5 13. Nxe5 Nd7 14. Nf3 Ndf6 15. Qd2 Nd6 16. Bd3 Bf5 17. Re1 Re8 18. Bxf5 Nxf5 19. Qd3 Nd6 20. g3 Qd7 21. Kg2 a6 22. Ne5 Qf5 23. Qxf5 Nxf5 24. g4 Nd6 25. Re2 Rad8 26. Rhe1 h6 27. Kf3 Nc8 28. Nc4 Bd6 29. Nxd6 cxd6 30. g5 Rxe2 31. Rxe2 Nh5 32. gxh6 Nxf4 33. Kxf4 gxh6 34. Kf5 Kf8 35. Kg4 Ne7 36. h4 Ng8 37. Ne4 Re8 38. Kf3 Rd8 39. Rc2 Ke7 40. Rc7+ Rd7 41. Rc8 Nf6 42. Ng3 Nxd5 43. Rh8 Rc7 44. Rxh6 Rc2 45. Nf5+ Ke8 46. Rxd6 Ne7 47. Nxe7 Kxe7 48. Rb6 Rc7 49. Ke4 Kf8 50. Ke5 Kg7 51. f4 Rc5+ 52. Kd4 1-0

[Event "Alicante op 2nd"]
[Site "Alicante"]
[Date "2010.01.02"]
[Round "6"]
[White "Serrano Marhuenda, Salvador"]
[Black "Moreno Simo, Javier"]
[Result "1/2-1/2"]
[WhiteElo "2085"]
[BlackElo "1982"]
[PlyCount "40"]
[EventDate "2009.12.27"]
[EventType "swiss"]
[EventRounds "9"]
[EventCountry "ESP"]
[SourceTitle "CBM 134 Extra"]
[Source "ChessBase"]
[SourceDate "2010.03.03"]
[SourceVersion "1"]
[SourceVersionDate "2010.03.03"]
[SourceQuality "1"]

1. e4 e5 2. Nf3 Nc6 3. Bb5 f5 4. d3 fxe4 5. dxe4 Nf6 6. 0-0 Bc5 7. Nc3 d6 8. Bg5 0-0 9. Nd5 Kh8 10. c3 Ne7 11. Nxf6 gxf6 12. Bh6 Rg8 13. Bc4 Rg6 14. Qd2 Ng8 15. Be3 Bxe3 16. fxe3 Qf8 17. Kh1 Qh6 18. Rf2 Bd7 19. b4 Bc6 20. Qd3 Bd7 1/2-1/2

[Event "Benidorm op U2300 06th"]
[Site "Benidorm"]
[Date "2007.12.07"]
[Round "8"]
[White "Moreno Simo, Javier"]
[Black "Arata, Roberto Mario"]
[Result "0-1"]
[WhiteElo "1933"]
[BlackElo "2147"]
[PlyCount "56"]
[EventDate "2007.11.30"]
[EventType "swiss"]
[EventRounds "9"]
[EventCountry "ESP"]
[SourceTitle "CBM 121 Extra"]
[Source "ChessBase"]
[SourceDate "2008.01.10"]
[SourceVersion "1"]
[SourceVersionDate "2008.01.10"]
[SourceQuality "1"]

1. e4 c6 2. d4 d5 3. f3 dxe4 4. fxe4 e5 5. Nf3 exd4 6. Bc4 Nd7 7. 0-0 Ngf6 8. Bxf7+ Kxf7 9. e5 Nxe5 10. Nxe5+ Kg8 11. c3 d3 12. Qb3+ Qd5 13. Qxd5+ Nxd5 14. Nf7 Bc5+ 15. Kh1 Bg4 16. Nxh8 Be2 17. Rf5 Kxh8 18. c4 Bg4 19. Re5 Bd6 20. Re1 Nb4 21. Na3 Be2 22. Bd2 a5 23. Rxe2 dxe2 24. g3 Rf8 25. Kg2 Bc5 26. Bxb4 Rf2+ 27. Kh3 Bxb4 28. Nc2 Rf1 0-1